[Event "Challenge"]
[Site "http://www.queenalice.com/game.php?id=1542687"]
[Date "2018.9.18"]
[Round "-"]
[White "vivoferreira"]
[Black "Consultti"]
[Result "0-1"]
[WhiteElo "1474"]
[BlackElo "1762"]

1. e4 e5 2. Nf3 Nf6 3. Nxe5 Qe7 4. f4 Qc5 5. Qe2 Qxc2 6. Qc4 Qxe4+ 7. Be2 Qxg2
8. Qxf7+ Kd8 9. Rf1 Nc6 10. Nxc6+ dxc6 11. b3 Qe4 12. Bb2 Be6 13. Nc3 Qf5 14.
Bd3 Qg4 15. Be2 Qh4+ 16. Rf2 Bxf7 17. f5 Ng4 18. Bxg4 Qxg4 19. Ne2 Qh4 20. Ng3
Bd6 21. Bxg7 Re8+ 22. Kd1 Bxg3 23. Bf6+ Qxf6 0-1

[Event "Challenge"]
[Site "http://www.queenalice.com/game.php?id=1544445"]
[Date "2018.10.1"]
[Round "-"]
[White "vivoferreira"]
[Black "Consultti"]
[Result "1-0"]
[WhiteElo "1591"]
[BlackElo "1761"]

1. e4 e5 2. Nf3 Nf6 3. Nc3 Bb4 4. Nd5 Nxd5 5. exd5 d6 6. b3 Bg4 7. Be2 Bc5 8.
Bb2 Qf6 9. O-O Bxf3 10. Bxf3 Qf4 11. d3 Nd7 12. c3 O-O-O 13. d4 exd4 14. cxd4
Bb6 15. a4 Rhe8 16. Bc1 Qf5 17. Bg4 Qxd5 18. Be3 Re4 19. Bf3 Nf6 20. Bxe4 Nxe4
21. a5 Bxa5 22. f3 Nc3 23. Qc2 Qe6 24. Rxa5 Qxe3+ 25. Kh1 Qxd4 26. Rc1 Re8 27.
h3 b5 28. Qxc3 Qb6 29. Kh2 c5 30. b4 c4 31. Qxg7 Kd8 32. Qxf7 Re7 33. Qd5 Qb8
34. Rxb5 Qc7 35. Rxc4 Re5 36. Qa8+ Kd7 37. Rxc7+ Kxc7 38. Qxa7+ Kc6 39. Qb7# 1-0

[Event "Challenge"]
[Site "http://www.queenalice.com/game.php?id=1544650"]
[Date "2018.10.3"]
[Round "-"]
[White "vivoferreira"]
[Black "Consultti"]
[Result "0-1"]
[WhiteElo "1561"]
[BlackElo "1753"]

1. e4 e5 2. Nf3 Nf6 3. Nc3 Nc6 4. d4 exd4 5. Nxd4 Nxd4 6. Qxd4 Bd6 7. Bg5 Be7 8.
O-O-O O-O 9. g3 Ng4 10. Bxe7 Qxe7 11. e5 Nxe5 12. Bg2 c6 13. Rde1 Qg5+ 14. Kb1
Re8 15. h4 Qf6 16. Ne4 Qe6 17. Nc5 Qf5 18. Bh3 Qf3 19. Bg4 Qf6 20. Ne4 Qg6 21.
Nd6 f6 22. Bf5 Qh5 23. Nxe8 Qxe8 24. Qe4 b5 25. Bxh7+ Kh8 26. h5 d5 27. Bg6 Qe7
28. h6 dxe4 29. Rxe4 Qc5 30. h7 Bg4 0-1

[Event "Challenge"]
[Site "http://www.queenalice.com/game.php?id=1546861"]
[Date "2018.10.23"]
[Round "-"]
[White "serard1"]
[Black "Consultti"]
[Result "0-1"]
[WhiteElo "1296"]
[BlackElo "1751"]

1. e3 e5 2. d3 Nc6 3. g3 Bd6 4. Bg2 Nf6 5. Bxc6 dxc6 6. Nd2 Bb4 7. a3 Bxd2+ 8.
Bxd2 e4 9. f3 exf3 10. Nxf3 O-O 11. Nh4 Qd5 12. O-O Bh3 13. Rf2 Rae8 14. Qf3 Qe5
15. d4 Qb5 16. Bb4 a5 17. Bd2 Qxb2 18. Rc1 Ne4 19. Re2 Nxd2 20. Rxd2 Qxc1+ 21.
Rd1 Qxa3 22. Re1 Qc3 23. Ng2 Bxg2 24. Qf2 a4 25. Kxg2 a3 26. Qf1 a2 27. Kh1 Qxc2
28. Re2 Qe4+ 29. Kg1 Ra8 30. Re1 Ra3 31. Qf2 a1=Q 32. Kf1 Qh1+ 33. Ke2 Qb2+ 34.
Kd1 Ra1# 0-1

[Event "Challenge"]
[Site "http://www.queenalice.com/game.php?id=1548763"]
[Date "2018.11.10"]
[Round "-"]
[White "vivoferreira"]
[Black "Consultti"]
[Result "1-0"]
[WhiteElo "1482"]
[BlackElo "1653"]

1. e4 c5 2. Nf3 Nf6 3. Nc3 d6 4. d4 c4 5. Bxc4 e6 6. e5 d5 7. Bd3 Bb4 8. Bd2
Bxc3 9. Bxc3 Ng4 10. Nd2 Qh4 11. Qe2 Nc6 12. Nf3 Qh5 13. h3 O-O 14. O-O-O Ngxe5
15. Nxe5 Qg5+ 16. f4 Qxf4+ 17. Kb1 Nxe5 18. Qxe5 Qh4 19. Be1 Qd8 20. g4 f6 21.
Qf4 Qb6 22. g5 f5 23. g6 h6 24. h4 Bd7 25. b3 a5 26. a4 Bxa4 27. Kc1 Bb5 28. Qf3
Bc6 29. Bd2 Rf6 30. h5 a4 31. Be3 a3 32. Kd2 a2 33. Ra1 Qa5+ 34. c3 Qa3 35. Qd1
Qb2+ 36. Bc2 f4 37. Bf2 b5 38. Qc1 Qxc1+ 39. Kxc1 Rf5 40. Kb2 Rg5 41. Rxa2 Rf8
42. Ra6 Bd7 43. Be1 f3 44. Rh2 Rg1 45. Bf2 Rg2 46. Rxg2 fxg2 47. Bg1 Be8 48. Bd3
Bf7 49. gxf7+ Rxf7 50. Ra8+ Rf8 51. Rxf8+ Kxf8 52. Bxb5 1-0

[Event "Challenge"]
[Site "http://www.queenalice.com/game.php?id=1549496"]
[Date "2018.11.16"]
[Round "-"]
[White "vivoferreira"]
[Black "Consultti"]
[Result "1-0"]
[WhiteElo "1515"]
[BlackElo "1743"]

1. e4 Nc6 2. d4 e5 3. d5 Nd4 4. Nf3 Qf6 5. Be3 Ne7 6. Nxd4 exd4 7. Bxd4 Qf4 8.
Nc3 d6 9. Bd3 Nxd5 10. Nxd5 Qg5 11. Nxc7+ Kd8 12. Nxa8 Qxg2 13. Rf1 Qxh2 14.
Bxa7 d5 15. exd5 Qe5+ 16. Qe2 Qxb2 17. Qd1 Bb4+ 18. Ke2 Qf6 19. Be4 Re8 20. f3
Qa6+ 21. Qd3 Qxa7 22. a3 b6 23. axb4 Qb8 24. Rfe1 f5 25. Kd2 fxe4 26. Rxe4 Bf5
27. Rxe8+ Kxe8 28. Qxf5 Qh2+ 29. Kc3 Qd6 30. Qe6+ Qxe6 31. dxe6 Ke7 32. Re1 h5
33. Nxb6 1-0

[Event "10º Campeão Brasil - Verdão"]
[Site "http://www.queenalice.com/game.php?id=1551883"]
[Date "2018.12.5"]
[Round "-"]
[White "Consultti"]
[Black "zubarev"]
[Result "1-0"]
[WhiteElo "1731"]
[BlackElo "1638"]

1. e4 e5 2. Nf3 Nc6 3. Nc3 d6 4. Bb5 Bd7 5. d3 Be7 6. Bxc6 Bxc6 7. d4 Nf6 8. d5
Bd7 9. a4 O-O 10. Bg5 Rc8 11. b4 c6 12. O-O cxd5 13. Nxd5 Nxd5 14. Bxe7 Nxe7 15.
Qxd6 Rxc2 16. Qxe5 Ng6 17. Qd4 Qe7 18. a5 1-0

[Event "Challenge"]
[Site "http://www.queenalice.com/game.php?id=1552193"]
[Date "2018.12.8"]
[Round "-"]
[White "WLAO"]
[Black "Consultti"]
[Result "0-1"]
[WhiteElo "1661"]
[BlackElo "1717"]

1. d4 d5 2. Nf3 Nc6 3. e3 Nf6 4. Bb5 g6 5. Ne5 Bg7 6. Nxc6 bxc6 7. Bxc6+ Bd7 8.
Bxa8 Qxa8 9. b3 Bb5 10. Nc3 Ba6 11. Bb2 c5 12. Ba3 Nd7 13. Qf3 O-O 14. Nxd5 Qe8
15. c4 Bb7 16. Nc7 Qd8 17. Qxb7 cxd4 18. O-O dxe3 19. Rae1 exf2+ 20. Rxf2 Bd4
21. Rf1 Ne5 22. Nd5 Ng4 23. Nxe7+ Kg7 24. Nc6 Bxf2+ 25. Rxf2 Qh4 26. Rf1 Qxh2#
0-1

[Event "AUTO-ADV-4107"]
[Site "http://www.queenalice.com/game.php?id=1553298"]
[Date "2018.12.18"]
[Round "1"]
[White "Consultti"]
[Black "askasl159"]
[Result "0-1"]
[WhiteElo "1630"]
[BlackElo "1655"]

1. d4 d5 2. Nc3 Nf6 3. Nf3 Bg4 4. Bf4 a6 5. g3 Nc6 6. Bg2 Bxf3 7. Bxf3 e6 8. e3
Bb4 9. O-O Bxc3 10. bxc3 O-O 11. Qd3 h6 12. Rab1 b5 13. h4 Na5 14. Qd2 Nc4 15.
Qc1 Qe7 16. Qd1 c5 17. Kg2 cxd4 18. Qxd4 Rab8 19. Bxb8 Rxb8 20. Qf4 e5 21. Qf5
g6 22. Qd3 e4 23. Qe2 exf3+ 24. Qxf3 Nd2 25. Qf4 Qe4+ 26. Kg1 Qxf4 27. gxf4 Nxf1
28. Kxf1 Ne4 29. Rd1 Nxc3 30. Rd3 Nxa2 31. Rxd5 Nb4 32. Rc5 a5 33. c3 Na6 34.
Rc6 Ra8 35. Rb6 b4 36. c4 Nc5 37. f3 b3 38. Ke1 a4 39. Kd1 a3 0-1

[Event "AUTO-ADV-4107"]
[Site "http://www.queenalice.com/game.php?id=1553299"]
[Date "2018.12.18"]
[Round "1"]
[White "askasl159"]
[Black "Consultti"]
[Result "1-0"]
[WhiteElo "1621"]
[BlackElo "1671"]

1. e4 e5 2. f4 d6 3. Nf3 Bg4 4. h3 Bxf3 5. Qxf3 Nc6 6. fxe5 Nxe5 7. Qf2 g6 8. d4
Nd7 9. Bc4 Qe7 10. Nc3 Ngf6 11. Bg5 Nxe4 12. Bxe7 Nxf2 13. Kxf2 Bxe7 14. Rae1
Kf8 15. Re3 Re8 16. Rhe1 Bh4+ 17. g3 Rxe3 18. Rxe3 Bg5 19. Rf3 Kg7 20. Rxf7+ Kh6
21. Rxd7 Bd8 22. Be2 Rf8+ 23. Kg2 a5 24. Nd5 g5 25. Nxc7 Bf6 26. Rxd6 Kg6 27.
Bd3+ Kg7 28. Ne6+ Kf7 29. Nxf8 Kxf8 30. Rxf6+ Kg7 31. Re6 Kf7 32. Rb6 1-0

[Event "AUTO-ADV-4107"]
[Site "http://www.queenalice.com/game.php?id=1553300"]
[Date "2018.12.18"]
[Round "1"]
[White "Consultti"]
[Black "Canaye"]
[Result "0-1"]
[WhiteElo "1696"]
[BlackElo "1817"]

1. d4 e6 2. e4 d5 3. e5 c5 4. Be3 c4 5. Nc3 Nc6 6. Nf3 Nge7 7. Nh4 Qb6 8. Rb1
Ng6 9. Nxg6 hxg6 10. Bg5 Qxd4 11. Qxd4 Nxd4 12. Rc1 Be7 13. Be3 Nc6 14. g3 d4
15. Nb5 O-O 16. Bxd4 Nxd4 17. Nxd4 Rd8 18. Nb5 a6 19. Nc7 Rb8 20. Bxc4 b5 21.
Bd3 Bb7 22. O-O Bg5 23. Rce1 Rd7 24. Nxb5 axb5 25. Bxb5 Rd5 26. Ba4 Ba6 27. Bb3
Rc5 28. Rd1 Bxf1 29. Kxf1 Rxe5 30. Rd6 Rc5 31. Ra6 Bf6 32. c3 Rd8 33. Kg2 Rd2
34. Ra8+ Kh7 35. Ba4 Rxb2 36. Be8 Rc7 37. a4 Bxc3 38. a5 Bd4 39. a6 Rxf2+ 40.
Kh3 Ra2 41. Rd8 Bc5 42. Bb5 Kh6 43. Kh4 Rxh2+ 44. Kg4 f5+ 45. Kf4 Rf2+ 46. Ke5
Be7 47. Rh8+ Kg5 48. Kxe6 Bf6 49. Kd6 Ra7 50. Kc6 Rc2+ 51. Kb6 Bd4+ 52. Ka5 Bc5
53. Ka4 Rc3 54. Be2 Rxg3 55. Rb8 Ra3+ 0-1

[Event "AUTO-ADV-4107"]
[Site "http://www.queenalice.com/game.php?id=1553301"]
[Date "2018.12.18"]
[Round "1"]
[White "Canaye"]
[Black "Consultti"]
[Result "1-0"]
[WhiteElo "1805"]
[BlackElo "1708"]

1. d4 d5 2. c4 Be6 3. Nc3 dxc4 4. e4 g6 5. Nf3 Bg4 6. Be2 Nc6 7. d5 Nb8 8. Bxc4
Qd6 9. Be2 Bg7 10. O-O Nf6 11. Qc2 Nbd7 12. h3 Bxh3 13. gxh3 Nh5 14. Bd1 Nf4 15.
Bxf4 Qxf4 16. Qd2 Qf6 17. Re1 Ne5 18. Nxe5 Qxe5 19. Bf3 h5 20. Rac1 Bh6 21. Qe2
Bf4 22. Rcd1 Qg5+ 23. Bg2 Qf6 24. Nb5 O-O 25. Nd4 Rad8 26. Nf3 Bd6 27. e5 Bxe5
28. Nxe5 a5 29. Qc4 Qb6 30. b3 Qd6 31. Qe4 Qa3 32. Nxg6 fxg6 33. Qxg6+ Kh8 34.
Qxh5+ Kg7 35. Be4 Rg8 36. Re3 Kf8+ 37. Kh1 Rd6 38. Rf3+ Rf6 39. Qh6+ Ke8 40.
Rxf6 exf6 41. Qxf6 Rf8 42. Bg6+ Rf7 43. Re1+ Kd7 44. Qxf7+ Kd6 45. Qe7+ 1-0

[Event "Challenge"]
[Site "http://www.queenalice.com/game.php?id=1555764"]
[Date "2019.1.7"]
[Round "-"]
[White "Canaye"]
[Black "Consultti"]
[Result "1-0"]
[WhiteElo "1787"]
[BlackElo "1615"]

1. d4 d5 2. c4 dxc4 3. e3 Nf6 4. Bxc4 e6 5. Ne2 g6 6. O-O Nc6 7. Nbc3 Na5 8. Bd3
Bg7 9. b4 Nc6 10. Bb5 O-O 11. Bxc6 bxc6 12. Rb1 Qd6 13. a3 Ng4 14. g3 e5 15. Ne4
Qd5 16. N2c3 Qe6 17. Nc5 Qc4 18. Bb2 Bf5 19. e4 exd4 20. Ne2 Bxe4 21. Nxe4 d3
22. Nf4 Qxe4 23. Qxg4 Rad8 24. Bxg7 Kxg7 25. Nh5+ Kh6 26. Qxe4 Kxh5 27. Qh4# 1-0

[Event "Challenge"]
[Site "http://www.queenalice.com/game.php?id=1555803"]
[Date "2019.1.8"]
[Round "-"]
[White "vivoferreira"]
[Black "Consultti"]
[Result "1-0"]
[WhiteElo "1502"]
[BlackElo "1610"]

1. e4 e5 2. Nf3 Nc6 3. d4 Nxd4 4. Nxd4 exd4 5. Qxd4 d6 6. Nc3 Ne7 7. g3 c6 8.
Bh6 c5 9. Qe3 gxh6 10. Bd3 Bg7 11. Bc4 Qb6 12. b3 Qa5 13. O-O Bxc3 14. Bb5+ Kd8
15. Rad1 Bd4 16. Qd3 Qxa2 17. c3 Qxb3 18. cxd4 Qe6 19. dxc5 d5 20. exd5 Qh3 21.
d6 Nf5 22. f4 a6 23. Ba4 Rg8 24. c6 bxc6 25. Bxc6 Rb8 26. d7 Bb7 27. Bxb7 Rxb7
28. Qxa6 Rxd7 29. Qb6+ Ke7 30. Rfe1+ Kf8 31. Rxd7 Nh4 32. Re8+ Kg7 33. Qd4+ Kg6
34. Rxg8+ Kf5 35. Qe5# 1-0

[Event "Challenge"]
[Site "http://www.queenalice.com/game.php?id=1556964"]
[Date "2019.1.16"]
[Round "-"]
[White "Canaye"]
[Black "Consultti"]
[Result "1-0"]
[WhiteElo "1800"]
[BlackElo "1636"]

1. d4 d5 2. c4 Bf5 3. Nc3 dxc4 4. e4 Bg6 5. Bxc4 e6 6. Nge2 Bb4 7. O-O Bxc3 8.
Nxc3 Ne7 9. Be3 Nbc6 10. f3 Qd6 11. a3 Na5 12. Ba2 Rd8 13. b4 Qc6 14. Rc1 Nc4
15. Bxc4 Qxc4 16. Nd5 Qa2 17. Nxc7+ Kf8 18. Qa4 f6 19. Rf2 Be8 20. Nxe8 b5 21.
Qa5 Qb3 22. Qxd8 Nc6 23. Rxc6 Kf7 24. Nd6+ Kg6 25. Qxh8 Qxe3 26. Qe8+ Kg5 27.
Rc5+ f5 28. f4+ Kh6 29. Nxf5+ 1-0

[Event "Challenge"]
[Site "http://www.queenalice.com/game.php?id=1556971"]
[Date "2019.1.16"]
[Round "-"]
[White "WLAO"]
[Black "Consultti"]
[Result "1-0"]
[WhiteElo "1599"]
[BlackElo "1627"]

1. e4 e5 2. Nf3 Nc6 3. d3 Nf6 4. Bg5 Bc5 5. a3 d6 6. b4 Bd4 7. c3 Bb6 8. Nbd2
Bg4 9. Be2 Bxf3 10. Nxf3 O-O 11. b5 Ne7 12. a4 Qd7 13. Bxf6 gxf6 14. Qd2 Ba5 15.
O-O Kh8 16. Rac1 Rg8 17. Qh6 Qg4 18. Qxf6+ Rg7 19. g3 Ng6 20. Rc2 Nf4 21. Nh4
Qh3 22. Bf3 Nxd3 23. Nf5 Rg8 24. Nxg7 Rxg7 25. Bg2 Qd7 26. Qf3 Nc5 27. c4 Nxa4
28. Qe3 b6 29. Ra2 Nc5 30. Qf3 Qe6 31. Qh5 Qxc4 32. Raa1 Qxb5 33. Rfb1 Qd3 34.
Rd1 Qc2 35. Qf5 a6 36. Qc8+ Rg8 37. Qxc7 Kg7 38. Qxd6 Nxe4 39. Qxe5+ f6 40. Qe7+
Kh6 41. Bxe4 Qe2 42. Qxf6+ Kh5 43. Bf3+ 1-0